000 01956cam a2200289 4500500
005 20260208003423.0
041 _afre
042 _adc
100 1 0 _aMoison, Jean-Camille
_eauthor
245 0 0 _aL’Homme Malade
260 _c2016.
500 _a64
520 _aC’est tout simplement l’histoire d’un tableau. Pas n’importe lequel, car celui-là nous regarde plus encore que nous ne le regardons. Un tableau, donc une histoire et une vie, celle de son peintre; cette œuvre a bientôt trente ans et a été réalisée par un artiste « fiché au grand handicap », soit la trisomie. Ce dont il est question, c’est d’un « au-delà du handicap », c’est-à-dire d’une rencontre souvent hasardeuse entre l’univers de ce peintre et le nôtre à nous qui nous targuons de n’être pas des « handicapés ». La thèse, c’est qu’il s’agit là d’une œuvre à part entière et qu’elle est commensurable aux plus grandes. Tel est notre pari.
520 _aThis is simply the story of a table. Not any, because that one is watching us more than we look. A table, so a history and a life, that of his painter; this work has almost thirty years and was made by a disabeld artist or trisomy. What is question is a “beyond the disability”, that is often a chance encounter between the world of the painter and ours in which we pride ourselves on being not “disabled”. The argument is that this is a work in its own right and is commensurable to the largest. That is our challenge.
690 _aDésavantage
690 _aformes
690 _ahasard
690 _apari
690 _arencontre
690 _aBet
690 _achance
690 _adisability
690 _aencounter
690 _aforms
786 0 _nPsychologie Clinique | 40 | 2 | 2016-01-28 | p. 157-162 | 1145-1882
856 4 1 _uhttps://shs.cairn.info/revue-psychologie-clinique-2015-2-page-157?lang=fr&redirect-ssocas=7080
999 _c1647914
_d1647914